[Event "XXIX Cracovia 2018"]
[Site "Krakow"]
[Date "2018.12.30"]
[Round "5"]
[White "Molenda, Marcin"]
[Black "Krallis, Christos"]
[Result "1/2-1/2"]
[WhiteElo "2383"]
[BlackElo "2261"]
[Annotator "NA"]
[PlyCount "67"]
[EventDate "2018.12.27"]
[EventType "swiss"]
[EventCountry "POL"]
[SourceTitle "playchess.com"]
[Source "ChessBase"]
[SourceQuality "1"]
[TimeControl "40/5400+30:1800+30"]

1. d4 {[%emt 0:00:00]} Nf6 {[%emt 0:02:09]} 2. c4 {[%emt 0:00:00]} e6 {[%emt 0:00:25]} 3. Nf3 {[%emt 0:00:00]} d5 {[%emt 0:00:16]} 4. g3 {[%emt 0:00:03]} Be7 {[%emt 0:00:06]} 5. Bg2 {[%emt 0:00:08]} O-O {[%emt 0:00:08]} 6. O-O {[%emt 0:00:05]} c6 {[%emt 0:00:16]} 7. Qc2 {[%emt 0:00:51]} b6 {[%emt 0:01:02]} 8. Bf4 {[%emt 0:05:55]} Bb7 {[%emt 0:00:35]} 9. Ne5 {[%emt 0:00:54]} Nfd7 {[%emt 0:29:25]} 10. Rd1 {[%emt 0:13:13]} Nxe5 {[%emt 0:04:18]} 11. dxe5 {[%emt 0:00:47]} Nd7 {[%emt 0:11:16]} 12. Nc3 {[%emt 0:07:29]} Qc8 {[%emt 0:12:39]} 13. h4 {[%emt 0:02:16]} Rd8 {[%emt 0:02:29]} 14. Rac1 {[%emt 0:00:32]} Nf8 {[%emt 0:07:45]} 15. h5 {[%emt 0:02:36]} h6 {[%emt 0:00:26]} 16. Qb1 {[%emt 0:05:38]} d4 {[%emt 0:02:07]} 17. Ne4 {[%emt 0:00:22]} c5 {[%emt 0:00:16]} 18. e3 {[%emt 0:01:23]} dxe3 {[%emt 0:01:11]} 19. Bxe3 {[%emt 0:03:13]} Qc7 {[%emt 0:00:59]} 20. f4 {[%emt 0:00:53]} Rxd1+ {[%emt 0:00:53]} 21. Rxd1 {[%emt 0:00:07]} Rd8 {[%emt 0:00:37]} 22. Kf2 {[%emt 0:02:20]} Rxd1 {[%emt 0:04:59]} 23. Qxd1 {[%emt 0:00:16]} Qd7 {[%emt 0:01:05]} 24. Qxd7 {[%emt 0:05:27]} Nxd7 {[%emt 0:00:07]} 25. Nc3 {[%emt 0:00:52]} Bxg2 26. Kxg2 {[%emt 0:00:01]} a6 {[%emt 0:04:28]} 27. Kf3 {[%emt 0:00:31]} g6 {[%emt 0:02:51]} 28. hxg6 {[%emt 0:00:23]} fxg6 {[%emt 0:00:10]} 29. Ke4 {[%emt 0:02:44]} h5 {[%emt 0:01:35]} 30. Bf2 {[%emt 0:00:24]} Kf7 {[%emt 0:00:33]} 31. Ne2 {[%emt 0:04:07]} Bd8 {[%emt 0:06:52]} 32. Nc1 {[%emt 0:00:15]} Nb8 {[%emt 0:00:29]} 33. Nd3 {[%emt 0:00:21]} Nc6 {[%emt 0:00:40]} 34. b3 {[%emt 0:02:30]} 1/2-1/2

[Event "XXIX Cracovia 2018"]
[Site "Krakow"]
[Date "2018.12.30"]
[Round "5"]
[White "Biriukov, Nikolai"]
[Black "Nowicki, Bartosz"]
[Result "1-0"]
[WhiteElo "2365"]
[BlackElo "2305"]
[Annotator "NA"]
[PlyCount "83"]
[EventDate "2018.12.27"]
[EventType "swiss"]
[EventCountry "POL"]
[SourceTitle "playchess.com"]
[Source "ChessBase"]
[SourceQuality "1"]
[TimeControl "40/5400+30:1800+30"]

1. d4 {[%emt 0:00:00]} Nf6 {[%emt 0:03:07]} 2. Nf3 {[%emt 0:01:39]} c5 {[%emt 0:00:05]} 3. c4 {[%emt 0:01:19]} g6 {[%emt 0:00:10]} 4. Nc3 {[%emt 0:00:35]} Bg7 {[%emt 0:00:15]} 5. e4 {[%emt 0:00:27]} O-O {[%emt 0:00:36]} 6. Be2 {[%emt 0:00:08]} cxd4 {[%emt 0:02:09]} 7. Nxd4 {[%emt 0:00:02]} Nc6 {[%emt 0:00:07]} 8. Be3 {[%emt 0:00:04]} d6 {[%emt 0:00:05]} 9. O-O {[%emt 0:04:00]} Bd7 {[%emt 0:00:04]} 10. f3 {[%emt 0:02:42]} Nxd4 {[%emt 0:00:41]} 11. Bxd4 {[%emt 0:00:05]} a5 {[%emt 0:00:31]} 12. Qd2 {[%emt 0:03:00]} Bc6 {[%emt 0:00:07]} 13. Rfd1 {[%emt 0:00:54]} Nd7 {[%emt 0:00:08]} 14. Be3 {[%emt 0:00:40]} Nc5 {[%emt 0:00:35]} 15. Rab1 {[%emt 0:06:15]} Qb6 {[%emt 0:00:25]} 16. Bf1 {[%emt 0:12:37]} Rfc8 {[%emt 0:00:16]} 17. Qf2 {[%emt 0:02:26]} Qb4 {[%emt 0:06:25]} 18. h4 {[%emt 0:07:37]} Bxc3 {[%emt 0:23:31]} 19. bxc3 {[%emt 0:02:16]} Qxc3 {[%emt 0:00:07]} 20. Bd4 {[%emt 0:02:27]} Qa3 {[%emt 0:01:16]} 21. e5 {[%emt 0:10:05]} Ne6 {[%emt 0:12:59]} 22. Rb3 {[%emt 0:01:47]} Qa4 {[%emt 0:00:05]} 23. exd6 {[%emt 0:00:44]} Nxd4 {[%emt 0:01:10]} 24. Rxd4 {[%emt 0:00:11]} e5 {[%emt 0:00:48]} 25. Rd2 {[%emt 0:00:31]} b5 {[%emt 0:13:40]} 26. cxb5 {[%emt 0:01:03]} Bd7 {[%emt 0:00:10]} 27. Rb1 {[%emt 0:01:58]} Rab8 {[%emt 0:00:47]} 28. b6 {[%emt 0:00:20]} h5 {[%emt 0:01:42]} 29. b7 {[%emt 0:01:29]} Rd8 {[%emt 0:00:10]} 30. Qc5 {[%emt 0:00:51]} Bf5 {[%emt 0:05:16]} 31. Rbb2 {[%emt 0:01:26]} Qf4 32. Qf2 {[%emt 0:02:26]} e4 {[%emt 0:04:40]} 33. fxe4 {[%emt 0:00:45]} Qxe4 {[%emt 0:00:17]} 34. Bd3 {[%emt 0:01:58]} Qe5 {[%emt 0:00:51]} 35. Bxf5 {[%emt 0:00:15]} gxf5 {[%emt 0:01:46]} 36. d7 {[%emt 0:01:06]} Kf8 {[%emt 0:00:29]} 37. Rb1 {[%emt 0:06:44]} Qe4 {[%emt 0:01:27]} 38. Qb6 {[%emt 0:08:53]} Qxh4 {[%emt 0:03:45]} 39. Qd6+ {[%emt 0:05:08]} Kg8 {[%emt 0:02:50]} 40. Qxb8 {[%emt 0:00:00]} Rxb8 {[%emt 0:00:00]} 41. d8=Q+ {[%emt 0:01:01]} Rxd8 {[%emt 0:00:51]} 42. Rxd8+ {[%emt 0:00:05]} 1-0

[Event "XXIX Cracovia 2018"]
[Site "Krakow"]
[Date "2018.12.30"]
[Round "5"]
[White "Eggink, Ryszard"]
[Black "Klekowski, Maciej"]
[Result "1/2-1/2"]
[WhiteElo "2343"]
[BlackElo "2499"]
[Annotator "TA"]
[PlyCount "75"]
[EventDate "2018.12.27"]
[EventType "swiss"]
[EventCountry "POL"]
[SourceTitle "playchess.com"]
[Source "ChessBase"]
[SourceQuality "1"]

{[%evp 9,75,10,35,34,34,26,26,26,39,37,64,33,50,38,43,40,60,50,45,61,31,0,0,0,11,6,75,49,64,31,14,8,8,8,75,-25,-20,-77,-75,-83,-68,-78,0,0,0,0,0,0,0,0,0,0,0,0,0,0,0,0,0,0,0,0,0,0,0,0,0,0]} 1. d4 f5 2. c4 Nf6 3. Nc3 e6 4. Bg5 Bb4 5. Qb3 Qe7 (5... a5 {feels hotter.} 6. e3 Nc6 7. a3 a4 8. Qc2 Bxc3+ 9. Qxc3 O-O) (5... h6 6. Bxf6 Bxc3+ 7. Qxc3 Qxf6 8. g3 Nc6 9. Nf3 O-O 10. Ne5 f4 11. Nxc6 bxc6 12. O-O-O a5 13. e3 fxe3 14. fxe3 {½-½ (20) Croad,N (2271)-Berelowitsch,A (2546) Coulsdon 2013}) 6. Bxf6 $146 {A85: Dutch Defence: 2 c4 Nf6 3 Nc3} ({Predecessor:} 6. Nf3 O-O 7. g3 Nc6 8. a3 Bxc3+ 9. Qxc3 a5 10. Bg2 h6 11. Bxf6 Qxf6 12. Ne5 Nd8 13. f4 d6 14. Nd3 Bd7 15. O-O Bc6 16. b4 Bxg2 17. Kxg2 Nc6 18. e3 Rfe8 19. b5 Ne7 20. Rae1 {½-½ (20) Spyrou,E-Rosen,B (2305) Germany 1995}) 6... Bxc3+ $1 7. Qxc3 Qxf6 8. g3 {White has an edge.} Nc6 9. e3 d6 10. f4 O-O 11. Nf3 Bd7 12. Bg2 Rae8 13. b4 {[%cal Bb2b4,Bb4b5][%mdl 32]} e5 14. dxe5 dxe5 15. b5 e4 16. Qxf6 gxf6 17. Nd4 Nb4 (17... Nxd4 $11 18. exd4 c6) 18. Rb1 Nd3+ 19. Ke2 Kf7 20. Bh3 Kg6 21. Rhd1 Be6 (21... Rb8 $11 {remains equal.}) 22. Nxe6 (22. c5 $16) 22... Rxe6 $11 23. g4 (23. Kf1 $11) 23... fxg4 $17 24. Bxg4 f5 25. Bh3 {[#]} h6 (25... Kg7 $1 $17) 26. Rg1+ $11 {The position is equal.} Kh7 27. Rg3 Rg6 28. Rbg1 Rxg3 29. Rxg3 {[%mdl 4096] Endgame KRB-KRN} Nc1+ 30. Kd2 Nxa2 31. Rg1 {[#] Black must now prevent Ra1.} Nb4 32. Rb1 Nd3 33. Ra1 Kg6 34. Rxa7 Rd8 {Threatens to win with ...Nxf4+.} 35. Kc3 Nc5 {Hoping for ...Rd3+.} 36. Kb4 Nd3+ 37. Kc3 Nc5 {aiming for ...Rd3+.} 38. Kb4 {Accuracy: White = 57%, Black = 56%.} 1/2-1/2

[Event "XXIX Cracovia 2018"]
[Site "Krakow"]
[Date "2018.12.30"]
[Round "5"]
[White "Paszewski, Mateusz"]
[Black "Chmiel, Marcin"]
[Result "1/2-1/2"]
[WhiteElo "2342"]
[BlackElo "2247"]
[Annotator "TA"]
[PlyCount "116"]
[EventDate "2018.12.27"]
[EventType "swiss"]
[EventCountry "POL"]
[SourceTitle "playchess.com"]
[Source "ChessBase"]
[SourceQuality "1"]

{[%evp 14,116,41,37,44,30,54,29,14,13,54,51,47,60,75,53,32,51,75,58,91,87,86,31,127,126,126,125,128,135,121,124,123,124,129,135,140,-3,0,-55,-57,-52,-51,-87,-85,-122,-114,-125,-127,-122,-47,-37,-37,-45,-45,-45,-45,-45,-45,-49,-8,-8,-8,-8,-8,-8,-8,-8,-8,-8,-8,-8,-8,-8,-8,-8,0,0,0,0,0,0,0,0,0,0,0,0,0,0,0,0,0,0,0,-8,0,-8,0,0,0,0,0,0,0]} 1. e4 {[%cal Be2e4,Be4e5][%mdl 32]} Nf6 2. e5 Nd5 3. d4 d6 4. c4 Nb6 5. exd6 exd6 6. Nc3 Nc6 {[%cal Bb8c6,Bc6e5,Be5d7][%mdl 32]} 7. d5 {B03: Alekhine's Defence: Four Pawns Attack} Ne5 (7... Qe7+ 8. Be2 Ne5 9. Be3 Bd7 10. b3 g6 11. Nf3 Bg7 12. Nxe5 Bxe5 13. Qd2 O-O 14. O-O Rfe8 {½-½ (56) Akopian,V (2675)-Maghsoodloo,P (2576) Sharjah 2017}) 8. f4 {LiveBook: 3 Games} Ned7 9. Nf3 {White is slightly better.} Be7 10. Be2 O-O 11. O-O Bf6 12. Ne4 Nc5 13. Nxc5 dxc5 14. Qc2 $36 {[%mdl 2048] White has good play.} Re8 15. Bd3 $146 h6 16. Bd2 c6 17. dxc6 $1 bxc6 {[#]} 18. Rad1 (18. Ne5 $1 $16 {[%mdl 512]}) 18... Bg4 (18... Bd4+ $14 19. Kh1 (19. Nxd4 Qxd4+ 20. Kh1 Bg4 $11) 19... Bg4) 19. Bc3 $1 $16 Bd4+ 20. Bxd4 cxd4 21. Bh7+ Kh8 22. Rxd4 Qf6 23. Ne5 g6 24. Rd6 $1 {[%cal Rd6f6]} Qf5 {[#]} 25. Qd2 (25. Bxg6 $1 $16 fxg6 26. Qd2) 25... Kxh7 $11 26. h3 {[#]} (26. c5 $11 Nd5 27. Rxc6) 26... Nxc4 $1 $15 {[%mdl 512]} 27. Nxc4 Re2 $1 {[%cal Re2d2]} 28. Qd4 {Ne3 is the strong threat.} c5 29. Qd5 ({But not} 29. hxg4 $2 {[#]} Rxg2+ $1 {[%mdl 512]} 30. Kxg2 (30. Kh1 $2 Qxg4 31. Qe3 Re2 $19) 30... Qxg4+ 31. Kf2 cxd4 $19) 29... Qxd5 30. Rxd5 Be6 31. Rxc5 Rc2 ({Better is} 31... Rd8 $17 32. Rf3 Rd5 33. Rxd5 Bxd5) 32. b3 Rd8 33. Rf2 Rd1+ 34. Rf1 Rxf1+ 35. Kxf1 Rxa2 {[%mdl 4096] Endgame KRB-KRN} 36. g4 Rh2 37. f5 {The position is equal.} gxf5 38. gxf5 Bxc4+ 39. bxc4 Rxh3 $11 {KR-KR} 40. Rc7 Rf3+ 41. Kg2 Rxf5 {Strongly threatening ...a5.} 42. Rxa7 Kg6 43. Rc7 Rf4 44. c5 f5 45. Rc8 Rc4 46. Kf3 Kf6 47. c6 Ke5 48. Re8+ Kd6 49. Rf8 Ke5 {aiming for ...Rc3+.} 50. Re8+ Kf6 51. Rc8 Ke6 52. Rh8 h5 53. Rxh5 Ke5 54. Ke2 Rc3 55. Rh4 Kf6 56. Kd2 Rc5 57. Kd3 Ke5 58. Rc4 Rxc4 {Accuracy: White = 69%, Black = 51%.} 1/2-1/2

[Event "XXIX Cracovia 2018"]
[Site "Krakow"]
[Date "2018.12.30"]
[Round "5"]
[White "Colijn, Stefan"]
[Black "Dzierzak, Radoslaw"]
[Result "0-1"]
[WhiteElo "2331"]
[BlackElo "2283"]
[Annotator "NA"]
[PlyCount "76"]
[EventDate "2018.12.27"]
[EventType "swiss"]
[EventCountry "POL"]
[SourceTitle "playchess.com"]
[Source "ChessBase"]
[SourceQuality "1"]
[TimeControl "40/5400+30:1800+30"]

1. Nf3 {[%emt 0:00:00]} Nf6 {[%emt 0:00:00]} 2. d4 {[%emt 0:00:50]} e6 {[%emt 0:00:08]} 3. g3 {[%emt 0:00:44]} d5 {[%emt 0:02:59]} 4. Bg2 {[%emt 0:00:30]} c5 {[%emt 0:00:12]} 5. O-O {[%emt 0:01:08]} cxd4 {[%emt 0:04:30]} 6. Nxd4 {[%emt 0:00:20]} e5 {[%emt 0:00:44]} 7. Nb3 {[%emt 0:01:05]} Be6 {[%emt 0:00:30]} 8. c4 {[%emt 0:01:51]} Nc6 {[%emt 0:02:06]} 9. cxd5 {[%emt 0:01:10]} Nxd5 {[%emt 0:01:15]} 10. Nc3 {[%emt 0:04:16]} Nxc3 {[%emt 0:03:34]} 11. bxc3 {[%emt 0:00:02]} Qc7 {[%emt 0:06:18]} 12. Be3 {[%emt 0:06:33]} Rd8 {[%emt 0:03:48]} 13. Qb1 {[%emt 0:02:10]} b6 {[%emt 0:02:44]} 14. a4 {[%emt 0:12:11]} Be7 {[%emt 0:02:42]} 15. a5 {[%emt 0:02:27]} b5 {[%emt 0:17:17]} 16. Nd2 {[%emt 0:22:03]} Rb8 {[%emt 0:01:54]} 17. f4 {[%emt 0:03:52]} f5 {[%emt 0:10:35]} 18. g4 {[%emt 0:08:16]} O-O {[%emt 0:03:26]} 19. gxf5 {[%emt 0:00:25]} Bxf5 {[%emt 0:00:36]} 20. Qa2+ {[%emt 0:03:18]} Kh8 {[%emt 0:00:59]} 21. fxe5 {[%emt 0:04:26]} Nxe5 {[%emt 0:01:19]} 22. Bd4 {[%emt 0:01:16]} Ng4 {[%emt 0:05:07]} 23. Nf3 {[%emt 0:00:05]} Be4 {[%emt 0:01:40]} 24. e3 {[%emt 0:00:04]} Bg5 {[%emt 0:04:37]} 25. Qe2 {[%emt 0:08:31]} Rbe8 {[%emt 0:01:05]} 26. Bh1 {[%emt 0:12:45]} Bxe3+ {[%emt 0:08:58]} 27. Bxe3 {[%emt 0:00:01]} Bxf3 {[%emt 0:00:14]} 28. Rxf3 {[%emt 0:00:20]} Rxf3 {[%emt 0:00:25]} 29. Bb6 {[%emt 0:01:45]} Rxe2 {[%emt 0:02:07]} 30. Bxc7 {[%emt 0:00:02]} Rxc3 {[%emt 0:01:11]} 31. Bb6 {[%emt 0:01:56]} Rec2 {[%emt 0:02:31]} 32. Bxa7 {[%emt 0:00:58]} Rc1+ {[%emt 0:00:04]} 33. Rxc1 {[%emt 0:00:02]} Rxc1+ {[%emt 0:00:05]} 34. Kg2 {[%emt 0:00:07]} Ra1 {[%emt 0:00:44]} 35. Bb6 {[%emt 0:00:43]} b4 {[%emt 0:03:11]} 36. h3 {[%emt 0:00:21]} b3 {[%emt 0:01:10]} 37. Bd4 {[%emt 0:00:14]} Ra2+ {[%emt 0:00:09]} 38. Kg3 {[%emt 0:00:14]} Nf6 {[%emt 0:00:09]} 0-1

[Event "XXIX Cracovia 2018"]
[Site "Krakow"]
[Date "2018.12.30"]
[Round "5"]
[White "Licznerski, Lukasz"]
[Black "Jaroch, Karol"]
[Result "1-0"]
[WhiteElo "2326"]
[BlackElo "2259"]
[Annotator "NA"]
[PlyCount "55"]
[EventDate "2018.12.27"]
[EventType "swiss"]
[EventCountry "POL"]
[SourceTitle "playchess.com"]
[Source "ChessBase"]
[SourceQuality "1"]
[TimeControl "40/5400+30:1800+30"]

1. e4 {[%emt 0:00:37]} e6 {[%emt 0:00:00]} 2. d4 {[%emt 0:00:05]} d5 {[%emt 0:00:00]} 3. e5 {[%emt 0:00:04]} c5 {[%emt 0:00:00]} 4. c3 {[%emt 0:00:06]} Nc6 {[%emt 0:00:00]} 5. Nf3 {[%emt 0:00:04]} Qb6 {[%emt 0:00:05]} 6. a3 {[%emt 0:00:38]} c4 {[%emt 0:00:13]} 7. Nbd2 {[%emt 0:00:33]} Bd7 {[%emt 0:01:18]} 8. g3 {[%emt 0:02:08]} O-O-O {[%emt 0:16:24]} 9. b3 {[%emt 0:08:16]} cxb3 {[%emt 0:00:20]} 10. Nxb3 {[%emt 0:00:03]} f6 {[%emt 0:02:02]} 11. Bd3 {[%emt 0:10:54]} Qc7 {[%emt 0:09:14]} 12. O-O {[%emt 0:00:46]} Nge7 {[%emt 0:06:45]} 13. Qe2 {[%emt 0:10:41]} Ng6 {[%emt 0:01:12]} 14. Re1 {[%emt 0:00:12]} Be7 {[%emt 0:02:44]} 15. h4 {[%emt 0:04:04]} Rdf8 {[%emt 0:06:17]} 16. exf6 {[%emt 0:15:20]} gxf6 {[%emt 0:11:36]} 17. h5 {[%emt 0:00:44]} Bd6 {[%emt 0:00:07]} 18. hxg6 {[%emt 0:00:53]} hxg6 {[%emt 0:00:08]} 19. c4 {[%emt 0:15:49]} e5 {[%emt 0:06:45]} 20. cxd5 {[%emt 0:02:42]} Bg4 {[%emt 0:08:42]} 21. Bxg6 {[%emt 0:03:23]} exd4 {[%emt 0:14:09]} 22. dxc6 {[%emt 0:04:01]} Bxg3 {[%emt 0:00:08]} 23. Bh6 {[%emt 0:09:10]} Bh2+ {[%emt 0:01:58]} 24. Kg2 {[%emt 0:00:45]} Rfg8 {[%emt 0:03:40]} 25. Qe4 {[%emt 0:04:27]} f5 {[%emt 0:02:36]} 26. Qe6+ {[%emt 0:00:32]} Kb8 {[%emt 0:00:03]} 27. Nxh2 {[%emt 0:00:36]} Bh3+ {[%emt 0:02:54]} 28. Kf3 {[%emt 0:00:19]} 1-0

[Event "XXIX Cracovia 2018"]
[Site "Krakow"]
[Date "2018.12.30"]
[Round "5"]
[White "Dietmayer-Kraeutler, Marco"]
[Black "Marszalek, Maciej"]
[Result "1/2-1/2"]
[WhiteElo "2311"]
[BlackElo "2280"]
[Annotator "NA"]
[PlyCount "63"]
[EventDate "2018.12.27"]
[EventType "swiss"]
[EventCountry "POL"]
[SourceTitle "playchess.com"]
[Source "ChessBase"]
[SourceQuality "1"]
[TimeControl "40/5400+30:1800+30"]

1. d4 {[%emt 0:00:00]} Nf6 {[%emt 0:00:00]} 2. c4 {[%emt 0:00:00]} c5 {[%emt 0:00:00]} 3. d5 {[%emt 0:00:49]} e6 {[%emt 0:00:00]} 4. Nc3 {[%emt 0:00:07]} exd5 {[%emt 0:00:04]} 5. cxd5 {[%emt 0:00:04]} d6 {[%emt 0:00:05]} 6. e4 {[%emt 0:01:50]} g6 {[%emt 0:00:14]} 7. Be2 {[%emt 0:01:06]} Bg7 {[%emt 0:00:20]} 8. h4 {[%emt 0:00:51]} O-O {[%emt 0:06:38]} 9. h5 {[%emt 0:00:35]} a6 {[%emt 0:01:13]} 10. a4 {[%emt 0:01:57]} Re8 {[%emt 0:00:59]} 11. hxg6 {[%emt 0:00:28]} fxg6 {[%emt 0:00:34]} 12. Bg5 {[%emt 0:03:06]} Qa5 {[%emt 0:08:08]} 13. Qd2 {[%emt 0:03:21]} Nbd7 {[%emt 0:05:43]} 14. Nf3 {[%emt 0:07:56]} b5 {[%emt 0:05:14]} 15. Kf1 {[%emt 0:14:03]} b4 {[%emt 0:08:33]} 16. Nd1 {[%emt 0:04:22]} Bb7 {[%emt 0:05:21]} 17. Qf4 {[%emt 0:00:45]} Rxe4 {[%emt 0:02:44]} 18. Qxd6 {[%emt 0:01:18]} Qb6 {[%emt 0:04:11]} 19. Qh2 {[%emt 0:01:46]} Nf8 {[%emt 0:08:38]} 20. a5 {[%emt 0:01:03]} Qd8 {[%emt 0:01:38]} 21. Ne3 {[%emt 0:01:33]} Qe8 {[%emt 0:03:30]} 22. Bd3 {[%emt 0:05:08]} Nxd5 {[%emt 0:02:40]} 23. Nxd5 {[%emt 0:15:44]} Bxd5 {[%emt 0:01:40]} 24. Bxe4 {[%emt 0:13:40]} Qxe4 {[%emt 0:03:04]} 25. Qd6 {[%emt 0:00:32]} Re8 {[%emt 0:16:44]} 26. Kg1 {[%emt 0:04:32]} Bxb2 {[%emt 0:01:37]} 27. Rd1 {[%emt 0:03:04]} Bb3 {[%emt 0:01:09]} 28. Rd3 {[%emt 0:02:00]} Re6 {[%emt 0:08:03]} 29. Qd8 {[%emt 0:01:05]} Re8 {[%emt 0:00:07]} 30. Qd6 {[%emt 0:00:50]} Re6 {[%emt 0:01:53]} 31. Qd8 {[%emt 0:00:01]} Re8 {[%emt 0:00:07]} 32. Qd6 {[%emt 0:00:02]} 1/2-1/2

[Event "XXIX Cracovia 2018"]
[Site "Krakow"]
[Date "2018.12.30"]
[Round "5"]
[White "Baum, Jonasz"]
[Black "Golubka, Petro"]
[Result "0-1"]
[WhiteElo "2302"]
[BlackElo "2464"]
[Annotator "TA"]
[PlyCount "133"]
[EventDate "2018.12.27"]
[EventType "swiss"]
[EventCountry "POL"]
[SourceTitle "playchess.com"]
[Source "ChessBase"]
[SourceQuality "1"]

{[%evp 12,133,72,51,78,1,13,0,41,-2,0,-6,-4,-8,52,46,48,50,50,47,54,9,0,-13,-14,-60,-61,-54,-60,-63,-37,-50,-65,-106,-108,-116,-133,-176,-142,-132,-128,-213,-224,-225,-237,-235,-230,-210,-181,-198,-191,-197,-187,-189,-191,-187,-197,-325,-321,-297,-296,-283,-252,-398,-380,-1440,-1425,-1425,-1377,-1375,-1294,-1480,-1457,-1399,-1344,-2246,-2205,-5302,-4806,-7301,-7301,-29964,-29965,-29966,-29967,-29964,-29963,-29974,-29975,-29975,-29975,-29976,-29977,-29977,-29978,-29978,-29978,-29978,-29979,-29980,-29978,-29978,-29979,-29979,-29980,-29980,-29980,-29980,-164,-29981,-29982,-29982,-29983,-29983,-29984,-29984,-29985,-29985,-29986,-29986,-29987,-29986,-29986,-29986]} 1. d4 c5 2. d5 e6 3. c4 exd5 4. cxd5 Nf6 5. Nc3 Bd6 6. Nf3 O-O 7. e3 {LiveBook: 5 Games. A60: Modern Benoni: Early Divergences} (7. Bg5 h6 8. Bh4 Bc7 9. e3 d6 10. Be2 Nbd7 11. O-O Re8 12. Nd2 a6 13. a4 Nf8 14. h3 Ng6 15. Bg3 {½-½ (41) Wojtaszek,R (2744)-Ivanchuk,V (2704) Beijing 2014}) 7... Bc7 8. Be2 (8. d6 $16 Ba5 9. Bd3) 8... Ba5 $146 ({Predecessor:} 8... d6 9. O-O a6 10. a4 Re8 11. Qc2 Nbd7 12. b3 Rb8 13. Rd1 Nf8 14. Bb2 Bd7 {0-1 (27) Federic,J (2299)-Chlpik,M (2099) Slovakia 2013}) 9. O-O {The position is equal.} d6 10. Qb3 Nbd7 {[%cal Bb8d7,Bd7b6,Bb6d5][%mdl 32]} 11. Rd1 Nb6 12. Bd2 a6 (12... Bg4 $11) 13. Ne4 $1 $14 {[%cal Re4f6]} Nbxd5 14. Bxa5 Qxa5 15. Nxd6 {And now Bc4 would win.} Be6 16. Bc4 {[%cal Rc4d5]} (16. Qxb7 $2 Rfb8 $19) (16. Nxb7 Qc7 $17) (16. e4 $5 {[%cal Re4d5]} Nf4 17. Bc4 $16) 16... Qc7 $1 17. e4 Qxd6 18. exd5 Bd7 19. Bf1 b5 {[%cal Bb7b5,Bb5b4][%mdl 32]} 20. Qd3 Bg4 21. a4 c4 22. Qa3 b4 23. Qe3 Rfe8 ({Wrong is} 23... Nxd5 $2 24. Qe4 $16) 24. Qd2 {[#]} c3 $1 $36 {[%mdl 2560] Black is on the roll.} 25. bxc3 Ne4 $1 {[%cal Re4d2]} 26. Qd4 (26. Qd3 $17 Nxc3 27. Re1) 26... Bxf3 $1 $19 ({Less strong is} 26... bxc3 27. Re1 $15) 27. gxf3 Nxc3 28. Re1 a5 ({Not} 28... Nxd5 29. Rxe8+ Rxe8 30. Bc4 $15) 29. Bb5 Red8 30. Bc4 Rac8 31. Kh1 Qf6 32. Qxf6 gxf6 33. Bb3 Nxd5 34. Rad1 (34. Re4 {is a better defense.}) 34... Nf4 35. Rxd8+ Rxd8 {[%mdl 4096] Endgame KRB-KRN} 36. Re4 {[#]} Ne6 $1 {[%mdl 512]} 37. Bxe6 (37. Kg2 {might work better.}) 37... fxe6 38. Rxe6 $2 {KR-KR} (38. Kg1 Kf7 39. Kf1) 38... Rb8 39. Re1 b3 40. Kg2 Kf7 (40... b2 $2 41. Rb1 $19) 41. Kf1 b2 42. Rb1 Rb3 43. Ke2 Ke6 44. Kd1 Kd5 45. Kc2 {[#]} Kc4 $1 46. f4 f5 47. Rxb2 Rxb2+ 48. Kxb2 {KP-KP} h5 49. h4 Kb4 50. Kc2 Kxa4 {K3P-K3P} 51. Kc3 Kb5 52. Kb3 a4+ 53. Ka3 Ka5 54. Ka2 Kb4 55. Kb2 a3+ 56. Ka2 Ka4 57. Ka1 Kb3 58. Kb1 a2+ 59. Ka1 Ka3 60. f3 {[#]} Kb4 $1 {Black mates.} 61. Kxa2 {K3P-KPP} Kc3 62. Kb1 Kd2 63. Kb2 Ke3 64. Kc3 Kxf4 65. Kd4 Kxf3 66. Ke5 Kg4 67. Kd4 {Precision: White = 55%, Black = 82%.} 0-1